000 00291nam a22001217a 4500
008 230621b xxu||||| |||| 00| 0 eng d
082 _a324.42
_bRIC
100 _cPeter G. Richards
245 _aHonorable Members
260 _alondon
_bFaber and Faber LTD
300 _a294p
942 _2ddc
_cBK
999 _c2302
_d2302